00342pab a2200121 454500008004000000100001700040245009500057260000900152300001400161362001200175650001700187773001600204180718b2009 xxu||||| |||| 00| 0 eng d aGautam, P.K. aAn overview of Ecological Task Forces (ETF) and ecological institutions of the Indian army c2009 ap.267-73. aApr-Jun aArmed forces aUSI Journal